000 00362pab a2200145 454500
008 180718b2006 xxu||||| |||| 00| 0 eng d
100 _aAnand, Vinod
245 _aPakistan's strategic perspective in evolving world order
260 _c2006
300 _ap.233-52.
362 _aApr-Jun
650 _aNuclear weapons
773 _aUSI Journal
909 _a70598
999 _c70598
_d70598